000 00733nmc a2200277 a 4500
003 AR-BaBNM
005 20251128210244.0
008 011101s1998 ||||||||||||||000 | spa||
020 _a84-277-1232-4
040 _cAR-BaBNM
245 1 0 _aUn currículo abierto, flexible, creativo y divertido
_bpara 3-6 años
260 _aMadrid
_bNarcea
_c1998
300 _a415 p.
_bil., tablas
490 0 _aPrimeros años
650 4 _aCURRICULO
650 4 _aACTIVIDADES DE APRENDIZAJE
650 4 _aJUEGOS INFANTILES
650 4 _aJUEGOS EDUCATIVOS
653 _aEDUCACION INICIAL
700 1 _aBecker, Joni
700 1 _aReid, Karen
700 1 _aSteinhaus, Pat
700 1 _aWieck, Peggy
942 _cBK
998 _cRaquel
999 _c14671
_d14671